Lectures on the spectrum of L [Gamma]
Αποθηκεύτηκε σε:
| Κύριος συγγραφέας: | |
|---|---|
| Μορφή: | Βιβλίο |
| Γλώσσα: | English |
| Δημοσίευση: |
Harlow, Essex, England : New York :
Longman Scientific & Technical, Wiley,
1991
|
| Σειρά: | Pitman research notes in mathematics series ;
; 242 |
| Θέματα: | |
| Ετικέτες: |
Προσθήκη ετικέτας
Δεν υπάρχουν, Καταχωρήστε ετικέτα πρώτοι!
|
MARC
| LEADER | 00000cam a2200000 i 4500 | ||
|---|---|---|---|
| 001 | 1/39231 | ||
| 008 | 941103s1991 eng d | ||
| 020 | |a 0582068630 | ||
| 020 | |a 047021757X | ||
| 035 | |l 10040958 | ||
| 035 | |a 1993 | ||
| 040 | |a GR-MY-UA |b gre |e aacr | ||
| 041 | 0 | |a eng | |
| 082 | 0 | |a 512.55 |2 (20) | |
| 100 | 1 | |a Williams, Floyd L. | |
| 245 | 1 | 0 | |a Lectures on the spectrum of L [Gamma] / |c Floyd L. Williams |
| 260 | |a Harlow, Essex, England : |a New York : |b Longman Scientific & Technical, |b Wiley, |c 1991 | ||
| 300 | |a 348 p.; |c 25 cm | ||
| 490 | 1 | |a Pitman research notes in mathematics series |v ; 242 | |
| 504 | |a Includes bibliographical references (p. 338-348) | ||
| 650 | 0 | 0 | |a Lie algebras. |
| 650 | 0 | 0 | |a Selberg trace formula. |
| 650 | 0 | 0 | |a Spectral theory (Mathematics) |
| 830 | 0 | |a Pitman research notes in mathematics series ; |v ; 242 | |
| 852 | |a INST |b SAMOS |e 19941103 |h 512.55 WIL |p 005300007267 |q 005300007267 |t BK |y 0 | ||
| 909 | |a Σ |b 030670 | ||